ՀՀ Գիտությունների ազգային ակադեմիայի հիմնարար գիտական գրադարան  =   Fundamental Scientific Library of NAS RA

Издания Якутского филиала СО АН СССР, 1937-1982 гг. : (Record no. 306803)

MARC details
000 -LEADER
fixed length control field 00862nam a2200193 a 4500
001 - CONTROL NUMBER
control field 000865258
003 - CONTROL NUMBER IDENTIFIER
control field AM-YeHGA
005 - DATE AND TIME OF LATEST TRANSACTION
control field 20250617145133.0
008 - FIXED-LENGTH DATA ELEMENTS--GENERAL INFORMATION
fixed length control field 120207s1983 ||| r 000 0 rus d
040 ## - CATALOGING SOURCE
Original cataloging agency AM-YeHGA
041 0# - LANGUAGE CODE
Language code of text/sound track or separate title rus
090 ## - LOCALLY ASSIGNED LC-TYPE CALL NUMBER (OCLC); LOCAL CALL NUMBER (RLIN)
-- 308511
245 00 - TITLE STATEMENT
Title Издания Якутского филиала СО АН СССР, 1937-1982 гг. :
Remainder of title Библиогр. указ. /
Statement of responsibility, etc. ...Науч. б-ка; Сост. Т.Н. Рослякова, Л.А. Костюнина.
260 ## - PUBLICATION, DISTRIBUTION, ETC.
Place of publication, distribution, etc. Якутск :
Name of publisher, distributor, etc. Якут. фил. СО АН СССР,
Date of publication, distribution, etc. 1983.
300 ## - PHYSICAL DESCRIPTION
Extent 249 с.
653 0# - INDEX TERM--UNCONTROLLED
Uncontrolled term Академия наук СССР - Сибирское отделение - Якутский филиал
653 0# - INDEX TERM--UNCONTROLLED
Uncontrolled term Научная литература - Библиографические указатели
700 1# - ADDED ENTRY--PERSONAL NAME
Personal name Рослякова, Т.Н.
Relator term сост.
Relationship com
Holdings
Withdrawn status Lost status Damaged status Not for loan Collection Home library Current library Date acquired Total checkouts Full call number Barcode Date last seen Price effective from Koha item type Public note
        General Fundamental Scientific Library Fundamental Scientific Library 09/01/2017   PII/508008 FL0219052 09/01/2017 09/01/2017 Գրքեր / Books 30 Days Loan


ՀՀ ԳԱԱ հիմնարար գիտական գրադարան
ՀՀ,Երևան 0019
Մարշալ Բաղրամյան 24/6
հեռախոս:(374-10) 52-47-50
Հետադարձ կապ

All site content, except where otherwise noted, is licensed under a
Creative Commons License